| 000 | 01890cam a2200373 a 4500 | ||
|---|---|---|---|
| 001 | 4429 | ||
| 003 | FISKH | ||
| 005 | 20241025084220.0 | ||
| 008 | 090213s2009 nyua j 000 0 eng | ||
| 010 | _a 2009005121 | ||
| 020 | _a9780316040495 (hc) | ||
| 020 | _a0316040495 (hc) | ||
| 040 |
_aDLC _cDLC _dIG# _dBTCTA _dUPZ _dOCO _dORX _dUUC _dVP@ _dXY4 _dEHH _dDLC |
||
| 050 | _aPN6109.J85 | ||
| 082 | _a808.81 | ||
| 100 | _aAndrews, Julie | ||
| 245 | 0 | 0 |
_aJulie Andrews' collection of poems, songs, and lullabies / _cselected by Julie Andrews & Emma Walton Hamilton ; paintings by James McMullan. |
| 260 |
_aNew York : _bLittle, Brown Books for Young Readers, _c2012. |
||
| 300 |
_a192 pages : _bcolor illustrations ; _c26 cm. + _e1 sound disc (digital ; 4 3/4 in.) |
||
| 505 | 0 | _aCD contents: Introduction -- Loveliest of trees -- Rice pudding -- Pied beauty -- Faith -- Orange -- Runaway -- Something told the wild geese -- Cargoes -- Observation -- If once you have slept on an island -- Bartholomew Blue -- When mother reads aloud -- Trick -- At the theatre -- An attempt at unrhymed verse -- Turkey shot out of the oven -- To an oak tree -- Growing up -- High flight -- King's breakfast -- Toys talk of the world -- Outroduction. | |
| 520 | _a"Julie Andrews and her daughter, Emma Walton Hamilton, have hand-selected a wonderful mix of their most cherished poems, songs, and lullabies in this rich and diverse poetry collection."--Amazon.com. | ||
| 650 | 0 | _aChildren's poetry. | |
| 650 | 1 |
_aChildren's songs, English _vTexts. |
|
| 650 | 0 |
_aLullabies, English _vTexts. |
|
| 650 | 1 | _aPoetry. | |
| 650 | 1 | _aSongs. | |
| 650 | 1 | _aLullabies. | |
| 700 | 1 |
_aAndrews, Julie. _eSelector |
|
| 700 | 1 |
_aHamilton, Emma Walton. _eSelector |
|
| 700 | 1 |
_aMcMullan, James, _d1934- _eillustrator |
|
| 906 |
_a7 _bcbc _corignew _d1 _eecip _f20 _gy-gencatlg |
||
| 942 |
_2ddc _cBK _n0 |
||
| 999 |
_c4429 _d4429 |
||